Statistics for Guess the Harry Potter Magical Creature

Click here to take the quiz!

General Stats

  • This quiz has been taken 13 times
  • The average score is 11 of 13

Answer Stats

HintAnswer% Correct
A human that unwillingly turns into one on a full moonWerewolf
100%
Petrify's you if you look it in the eye. Spiders flee at the presence of it.Basilisk
91%
Takes the shape of a persons worst fear.Boggart
91%
Creature that runs GringottsGoblin
91%
Part eagle, part horse. Have to bow to pat it. Hagrid owned one.Hippogriff
91%
Slave of a family, cooks at Hogwarts.House Elf
91%
Used to deliver postOwl
91%
Half horse, half human. A group of them live in the forbidden forest.Centaur
82%
Can only see it if you've seen death.Thestral
82%
Big and stupid. Quirrell let one into the castle on Halloween.Troll
82%
Small platypus like creautre who likes shiny objects.Niffler
73%
Small and fluffy, sold a Weasley's Wizard Wheezes. Ginny owned one called Arnold.Pygmy Puff
64%
Half fish, half human. Live at the bottom of the Black Lake.Merpeople
55%

Score Distribution

Percentile by Number Answered

Percent of People with Each Score

Your Score History

You have not taken this quiz